Bài tập sức bền vật liệu

সংরক্ষণ করুন:
গ্রন্থ-পঞ্জীর বিবরন
প্রধান লেখক: Vũ, Đình Lai
বিন্যাস: গ্রন্থ
ভাষা:Undetermined
প্রকাশিত: Hà Nội Giáo dục 1995
বিষয়গুলি:
ট্যাগগুলো: ট্যাগ যুক্ত করুন
কোনো ট্যাগ নেই, প্রথমজন হিসাবে ট্যাগ করুন!
Thư viện lưu trữ: Trung tâm Học liệu Trường Đại học Cần Thơ
LEADER 00551nam a2200181Ia 4500
001 CTU_4433
008 210402s9999 xx 000 0 und d
082 |a 620.112076 
082 |b L103 
100 |a Vũ, Đình Lai 
245 0 |a Bài tập sức bền vật liệu 
245 0 |c Vũ Đình Lai 
260 |a Hà Nội 
260 |b Giáo dục 
260 |c 1995 
650 |a strength of materials - problems, exercises 
904 |i Nguyễn Quang Điền, 960619 
980 |a Trung tâm Học liệu Trường Đại học Cần Thơ